| 000 | 01464cam a2200337Ia 4500 | ||
|---|---|---|---|
| 001 | 46301 | ||
| 005 | 20230410142343.0 | ||
| 008 | 020403s1981 xx b 001 0 spa d | ||
| 035 | _a(OCoLC)ocm49506994 | ||
| 040 |
_aIXA _cIXA _dDIBAM _dOCLCQ |
||
| 035 | _a(OCoLC)49506994 | ||
| 043 | _acl----- | ||
| 050 | 1 | 4 |
_aBX 1753 _bF288 1981 |
| 049 | _aGRAL | ||
| 245 | 0 | 0 |
_aFe cristiana y compromiso social : _belementos para una reflexión sobre América Latina a la luz de la doctrina social de la Iglesia. |
| 260 |
_a[S.l.] : _bDepartamento de Acción Social, CELAM, _c[1981] |
||
| 300 |
_axxxviii, 489 p. ; _c23 cm. |
||
| 500 | _a"Este libro se edita bajo la dirección y supervisión de los Señores Obispos de la Comisión Episcopal del Departamento de Acción Social del CELAM, y ha sido redactado por Pierre Bigó, S.J. y Fernando Bastos de Avila, S.J." | ||
| 504 | _aIncludes bibliographical references and index. | ||
| 650 | 0 |
_aChristian sociology _xCatholic Church. |
|
| 610 | 2 | 0 |
_aCatholic Church _zLatin America. |
| 650 | 0 |
_aChurch and social problems _zLatin America _xCatholic Church. |
|
| 650 | 0 | _aChurch and the world. | |
| 650 | 7 |
_aIGLESIA CATOLICA Y PROBLEMAS SOCIALES _zAMERICA LATINA. _2renib |
|
| 700 | 1 | _aBigó, Pierre. | |
| 700 | 1 |
_aAvila, Fernando Bastos de, _d1918- |
|
| 710 | 2 |
_aCatholic Church. _bConsejo Episcopal Latinoamericano. _bDepartamento de Acciâon Social. |
|
| 942 |
_2lcc _cbk |
||
| 946 | _amfcruz | ||
| 994 |
_aC0 _bDRFGD |
||
| 999 |
_c94144 _d94144 |
||